[Event "Ruhrgebiet VK3 0405"]
[Site "Ruhrgebiet"]
[Date "2005.03.13"]
[Round "8.4"]
[White "Kalkhoff, Thomas"]
[Black "Canzler, Harald"]
[Result "1/2-1/2"]
[WhiteElo "1847"]
[BlackElo "1964"]
[PlyCount "20"]
[EventDate "2004.09.12"]
[EventType "team"]
[EventRounds "9"]
[EventCountry "GER"]
[SourceTitle "EXT 2006"]
[Source "ChessBase"]
[SourceDate "2005.11.24"]
[SourceVersion "1"]
[SourceVersionDate "2005.11.24"]
[SourceQuality "1"]
[WhiteTeam "Essen Borbeck II"]
[BlackTeam "Dortmund 1875"]
[WhiteTeamCountry "GER"]
[BlackTeamCountry "GER"]

1. d4 Nf6 2. Nf3 g6 3. c4 Bg7 4. Nc3 0-0 5. e4 d6 6. Be2 e5 7. dxe5 dxe5 8. Qxd8 Rxd8 9. Bg5 Re8 10. 0-0 c6 1/2-1/2

[Event "Ruhrgebiet VK3 0405"]
[Site "Ruhrgebiet"]
[Date "2005.02.20"]
[Round "7.4"]
[White "Kalkhoff, Thomas"]
[Black "Glaser, Lutz"]
[Result "1/2-1/2"]
[WhiteElo "1847"]
[BlackElo "1929"]
[PlyCount "87"]
[EventDate "2004.09.12"]
[EventType "team"]
[EventRounds "9"]
[EventCountry "GER"]
[SourceTitle "EXT 2006"]
[Source "ChessBase"]
[SourceDate "2005.11.24"]
[SourceVersion "1"]
[SourceVersionDate "2005.11.24"]
[SourceQuality "1"]
[WhiteTeam "Essen Borbeck II"]
[BlackTeam "Herne Sodingen II"]
[WhiteTeamCountry "GER"]
[BlackTeamCountry "GER"]

1. e4 c5 2. Nc3 Nc6 3. f4 d6 4. Nf3 g6 5. Bc4 Bg7 6. 0-0 Bg4 7. Bxf7+ Kxf7 8. Ng5+ Ke8 9. Qxg4 Qc8 10. Qg3 Nf6 11. Ne2 h6 12. Nf3 Qg4 13. Qxg4 Nxg4 14. c3 c4 15. Nfd4 Nxd4 16. Nxd4 Kd7 17. h3 Bxd4+ 18. cxd4 Nf6 19. e5 Nd5 20. b3 Rac8 21. Bb2 cxb3 22. axb3 Rc2 23. Bc3 Nxc3 24. dxc3 Rxc3 25. Rxa7 Rxb3 26. d5 e6 27. dxe6+ Kxe6 28. exd6 Kxd6 29. Rd1+ Ke6 30. Ra5 b5 31. Ra6+ Kf5 32. Rd5+ Ke4 33. Rad6 Rg8 34. Rd4+ Ke3 35. Kh2 h5 36. h4 Rf8 37. g3 Rc8 38. Rd2 Rc1 39. Kg2 Rbb1 40. R6d3+ Ke4 41. Rd4+ Kf5 42. Rd5+ Kf6 43. Rd6+ Kf7 44. Rd7+ 1/2-1/2

[Event "Ruhrgebiet VK3 0405"]
[Site "Ruhrgebiet"]
[Date "2004.11.28"]
[Round "4.4"]
[White "Armbruester, Juergen"]
[Black "Kalkhoff, Thomas"]
[Result "1/2-1/2"]
[WhiteElo "1964"]
[BlackElo "1847"]
[PlyCount "35"]
[EventDate "2004.09.12"]
[EventType "team"]
[EventRounds "9"]
[EventCountry "GER"]
[SourceTitle "EXT 2006"]
[Source "ChessBase"]
[SourceDate "2005.11.24"]
[SourceVersion "1"]
[SourceVersionDate "2005.11.24"]
[SourceQuality "1"]
[WhiteTeam "Katernberg III"]
[BlackTeam "Essen Borbeck II"]
[WhiteTeamCountry "GER"]
[BlackTeamCountry "GER"]

1. e4 e5 2. Nf3 Nc6 3. Bb5 a6 4. Ba4 Nf6 5. 0-0 Be7 6. Re1 b5 7. Bb3 0-0 8. c3 d5 9. exd5 Nxd5 10. Nxe5 Nxe5 11. Rxe5 Nf6 12. h3 Bd6 13. Re1 Ng4 14. Qf3 Qh4 15. d4 Bh2+ 16. Kf1 Bd6 17. Kg1 Bh2+ 18. Kf1 1/2-1/2

[Event "Essen Werden op"]
[Site "Essen"]
[Date "2004.06.04"]
[Round "1"]
[White "Kalkhoff, Thomas"]
[Black "Toedtloff, Harri"]
[Result "1/2-1/2"]
[WhiteElo "1874"]
[BlackElo "1493"]
[PlyCount "63"]
[EventDate "2004.06.04"]
[EventType "swiss"]
[EventRounds "7"]
[EventCountry "GER"]
[SourceTitle "EXT 2007"]
[Source "ChessBase"]
[SourceDate "2006.11.23"]
[SourceVersion "1"]
[SourceVersionDate "2006.11.23"]
[SourceQuality "1"]

1. e4 g6 2. d4 Bg7 3. Nc3 c6 4. f4 h5 5. Nf3 d6 6. Bd3 Bg4 7. e5 e6 8. Be3 Nh6 9. h3 Nf5 10. Bf2 Bxf3 11. Qxf3 d5 12. 0-0-0 h4 13. Bxf5 gxf5 14. g4 hxg3 15. Qxg3 Bh6 16. Rhg1 Nd7 17. Rg2 Qe7 18. Rdg1 0-0-0 19. Ne2 Nb6 20. Qb3 Rde8 21. a4 Qd8 22. a5 Nd7 23. Qa4 a6 24. Qa3 Reg8 25. Bh4 Qe8 26. Bg5 Bf8 27. b4 Be7 28. h4 f6 29. exf6 Nxf6 30. Qe3 Ne4 31. c3 Rg7 32. Ng3 1/2-1/2

[Event "Ruhrgebiet VK2 0304"]
[Site "Ruhrgebiet"]
[Date "2004.02.08"]
[Round "6.2"]
[White "Spyrou, Emanuel"]
[Black "Kalkhoff, Thomas"]
[Result "0-1"]
[WhiteElo "2202"]
[BlackElo "1848"]
[PlyCount "64"]
[EventDate "2003.09.28"]
[EventType "team"]
[EventRounds "9"]
[EventCountry "GER"]
[SourceTitle "EXT 2007"]
[Source "ChessBase"]
[SourceDate "2006.11.23"]
[SourceVersion "1"]
[SourceVersionDate "2006.11.23"]
[SourceQuality "1"]
[WhiteTeam "Hamm 1911"]
[BlackTeam "Essen Borbeck II"]
[WhiteTeamCountry "GER"]
[BlackTeamCountry "GER"]

1. d4 d5 2. c4 e6 3. Nc3 c5 4. cxd5 exd5 5. Nf3 Nc6 6. g3 Nf6 7. Bg2 Be7 8. 0-0 0-0 9. Be3 c4 10. Ne5 Bf5 11. Bg5 Nxe5 12. dxe5 Ng4 13. Bxe7 Qxe7 14. Qxd5 Qxe5 15. Qxc4 Be6 16. Qf4 Qh5 17. h3 Nf6 18. h4 Qa5 19. Rfd1 Rad8 20. a3 Qb6 21. b4 Bb3 22. Rdb1 Be6 23. Rb2 Rd4 24. Qf3 Rd7 25. e3 Bg4 26. Qf4 Rfd8 27. Bf3 Bxf3 28. Qxf3 Qc7 29. Nb5 Qc4 30. Nd4 Qc3 31. Raa2 Rxd4 32. exd4 Qxf3 0-1

[Event "Schwarzach op-B 18th"]
[Site "Salzburg"]
[Date "2003.08.30"]
[Round "8.6"]
[White "Kalkhoff, Thomas"]
[Black "Schmidt, Matthias"]
[Result "1/2-1/2"]
[WhiteElo "1857"]
[BlackElo "1920"]
[PlyCount "70"]
[EventDate "2003.08.23"]
[EventType "swiss"]
[EventRounds "9"]
[EventCountry "AUT"]
[SourceTitle "EXT 2004"]
[Source "ChessBase"]
[SourceDate "2003.11.25"]
[SourceVersion "1"]
[SourceVersionDate "2003.11.25"]
[SourceQuality "1"]

1. d4 Nf6 2. Nf3 g6 3. e3 Bg7 4. c4 d6 5. Be2 c5 6. 0-0 0-0 7. Nc3 Na6 8. b3 Bf5 9. Bb2 Nc7 10. Bd3 Bxd3 11. Qxd3 a6 12. a4 b6 13. d5 Rb8 14. Rfd1 Nd7 15. Qe2 Ne5 16. Nxe5 Bxe5 17. Ne4 Bxb2 18. Qxb2 b5 19. axb5 axb5 20. Qe2 bxc4 21. bxc4 Rb4 22. Ng3 Qb8 23. h4 Qb7 24. e4 Ra8 25. h5 Rxa1 26. Rxa1 Rb1+ 27. Rxb1 Qxb1+ 28. Kh2 Kf8 29. e5 Qc1 30. exd6 exd6 31. Qg4 Ne8 32. hxg6 Qh6+ 33. Kg1 Qc1+ 34. Kh2 Qh6+ 35. Kg1 Qc1+ 1/2-1/2

[Event "Schwarzach op-B 18th"]
[Site "Salzburg"]
[Date "2003.08.26"]
[Round "3.2"]
[White "Loeffler, Alois"]
[Black "Kalkhoff, Thomas"]
[Result "1-0"]
[WhiteElo "1951"]
[BlackElo "1857"]
[PlyCount "131"]
[EventDate "2003.08.23"]
[EventType "swiss"]
[EventRounds "9"]
[EventCountry "AUT"]
[SourceTitle "EXT 2004"]
[Source "ChessBase"]
[SourceDate "2003.11.25"]
[SourceVersion "1"]
[SourceVersionDate "2003.11.25"]
[SourceQuality "1"]

1. e4 e5 2. Nf3 Nc6 3. Bc4 Nf6 4. d3 Bc5 5. Bg5 d6 6. c3 a6 7. b4 Ba7 8. 0-0 h6 9. Be3 Bxe3 10. fxe3 Be6 11. Bb3 0-0 12. Qe1 Bxb3 13. axb3 d5 14. exd5 Qxd5 15. Qe2 Qxb3 16. Ra3 Qe6 17. e4 Rad8 18. Nbd2 Qd7 19. Ne1 Qg4 20. Rf3 Nh5 21. Qf1 Nf4 22. Nc4 Qe6 23. Ne3 Qd7 24. Nf5 Ne7 25. Nxe7+ Qxe7 26. d4 Ng6 27. d5 Qh4 28. Re3 Rd6 29. c4 Rf6 30. Nf3 Qg4 31. h3 Qf4 32. Qf2 h5 33. g3 Qh6 34. h4 Re8 35. Qb2 c6 36. Ng5 cxd5 37. cxd5 Rd6 38. Rf3 f6 39. Ne6 Rc8 40. Rac3 Rxc3 41. Qxc3 Rb6 42. Rd3 Kh7 43. d6 Rc6 44. Nc5 Nf8 45. Qd2 Qxd2 46. Rxd2 Rc8 47. Kf2 b6 48. Nxa6 Nd7 49. Nc7 g5 50. Ra2 Kg6 51. Nd5 Kf7 52. Nc7 Rd8 53. Ra6 Rc8 54. Kf3 gxh4 55. gxh4 Rd8 56. Ra7 Rc8 57. Rb7 Rd8 58. Ke3 Rc8 59. Kd3 Rd8 60. Kc4 f5 61. exf5 Kf6 62. Ne6 Rc8+ 63. Kd5 Nb8 64. d7 Nxd7 65. Rxd7 Kxf5 66. Rg7 1-0